Report of Hon'ble Mr. Justice Wanchoo on the formation of Andhra Pradesh (Record no. 488863)

000 -LEADER
fixed length control field 00350cam a22001097a 4500
008 - FIXED-LENGTH DATA ELEMENTS--GENERAL INFORMATION
fixed length control field 180718b1953 xxu||||| |||| 00| 0 eng d
082 ## - DEWEY DECIMAL CLASSIFICATION NUMBER
Classification number B813x5451 In2
100 ## - MAIN ENTRY--PERSONAL NAME
Personal name Andhra Pradesh. Ministry of Home Affairs
245 ## - TITLE STATEMENT
Title Report of Hon'ble Mr. Justice Wanchoo on the formation of Andhra Pradesh
260 ## - PUBLICATION, DISTRIBUTION, ETC.
Place of publication, distribution, etc. New Delhi
Name of publisher, distributor, etc. The author
Date of publication, distribution, etc. 1953
300 ## - PHYSICAL DESCRIPTION
Extent 66p.
Holdings
Withdrawn status Lost status Damaged status Not for loan Permanent Location Current Location Date acquired Full call number Barcode Date last seen Price effective from Koha item type
        Indian Institute of Public Administration Indian Institute of Public Administration 2018-08-04 B813x5451 In2 GG5393 2018-08-04 2018-08-04 GG

Powered by Koha